|
|
|
|
| LEADER |
00000nam0a2200000 4500 |
| 001 |
282529 |
| 005 |
20231101235516.0 |
| 035 |
|
|
|a (RuTPU)RU\TPU\book\306447
|
| 090 |
|
|
|a 282529
|
| 100 |
|
|
|a 20150131d1984 km y0rusy50 ca
|
| 101 |
1 |
|
|a rus
|c ger
|
| 102 |
|
|
|a RU
|
| 105 |
|
|
|a a z 000zy
|
| 200 |
1 |
|
|a Самодельные электронные устройства в быту
|f К. Шленциг, В. Штаммлер
|
| 210 |
|
|
|a Москва
|c ДОСААФ СССР
|d 1984
|
| 215 |
|
|
|a 144 с.
|c ил.
|
| 606 |
1 |
|
|a Электрические бытовые приборы
|2 stltpush
|3 (RuTPU)RU\TPU\subj\26923
|9 50754
|
| 610 |
1 |
|
|a самодельные приборы
|
| 610 |
1 |
|
|a электронные устройства
|
| 610 |
1 |
|
|a бытовая техника
|
| 610 |
1 |
|
|a осветительные приборы
|
| 610 |
1 |
|
|a электронные замки
|
| 610 |
1 |
|
|a переговорные устройства
|
| 610 |
1 |
|
|a аквариумное оборудование
|
| 675 |
|
|
|a 64:621.3
|v 3
|
| 700 |
|
1 |
|a Шленциг
|b К.
|g Клаус
|
| 701 |
|
1 |
|a Штаммлер
|b В.
|g Вольфганг
|
| 801 |
|
1 |
|a RU
|b 63413507
|c 20150131
|
| 801 |
|
2 |
|a RU
|b 63413507
|c 20170725
|g RCR
|
| 942 |
|
|
|c BK
|